Specification for all-rubber flaps for pneumatic tyres for automobiles. (Record no. 73960)

MARC details
000 -LEADER
fixed length control field 00366nam a2200133Ia 4500
245 #0 - TITLE STATEMENT
Title Specification for all-rubber flaps for pneumatic tyres for automobiles.
260 ## - PUBLICATION, DISTRIBUTION, ETC. (IMPRINT)
Year of publication 1977
500 ## - GENERAL NOTE
General note Standard number: IS 8683
650 ## - SUBJECT ADDED ENTRY--TOPICAL TERM
Topical Term Automobiles
650 ## - SUBJECT ADDED ENTRY--TOPICAL TERM
Topical Term Pneumatic tyres
650 ## - SUBJECT ADDED ENTRY--TOPICAL TERM
Topical Term Rubber flaps
942 ## - ADDED ENTRY ELEMENTS (KOHA)
Koha item type Standards
Holdings
Withdrawn status Lost status Damaged status Not for loan Collection code Home library Current library Date acquired Koha item type
      Standards Indian standards RRII Library RRII Library 31/12/2021 Standards